| 000 | 01518nam a2200325 i 4500 | ||
|---|---|---|---|
| 003 | EG-GICUC | ||
| 005 | 20260121101525.0 | ||
| 008 | 251219s1984 ua ||||fr|||| 00| 0 ara d | ||
| 017 | _a١٩٨٣/٥٧٩٢ | ||
| 040 |
_a EG-GICUC _bara _c EG-GICUC _d EG-GICUC _erda |
||
| 041 | 0 | _aara | |
| 082 | 0 | 4 |
_221 _a345.4391 _bع د . ت |
| 092 | 0 | 4 | _221 |
| 099 | _aLaw1 07 345.4391 ع د . ت 1984 | ||
| 100 | 0 |
_aعدلي خليل _eمؤلف. |
|
| 245 | 1 | 0 |
_aتصحيح أوضاع العاملين / _cالمستشار عدلي خليل. |
| 264 | 1 |
_aالقاهرة : _bمكتبة االأنجلو المصرية، _c1984. |
|
| 300 |
_aترقيمات متععدة؛ _c24 سم. |
||
| 336 |
_2rda content _atext |
||
| 337 |
_2rda media _aComputer |
||
| 338 |
_2rda carrier _aOnline Resource |
||
| 504 | _aيشتمل على إرجاعات ببليوجرافية. | ||
| 505 | _aيتضمن نصوص القانون رقم ٤٧ لسنة ۱۹۷۸ وفق آخر تعديل له وجداول المرتبات والمذكرة الايضاحية واللائحة التنفيذية على ضوء أحكام القانون رقم ١١٥ لسنة ۱۹۸۳ والقرارات الوزارية الصادرة تنفيذا لاحكام القانون الاخير. | ||
| 546 | _aالنص باللغة العربية | ||
| 650 | 1 | 4 | _aتصحيح أوضاع العاملين |
| 650 | 1 | 4 | _aالقانون الإداري |
| 856 | 4 | 0 | _uhttps://fll.law.cu.edu.eg/fulltext/bks/B07-01495.pdf |
| 905 |
_a32 _eYara |
||
| 942 |
_2ddc _cBK _e21 _n0 |
||
| 999 |
_c51772 _d51772 |
||